[Event "Tournoi Skype 021A"]
[Site "Skype"]
[Date "????.??.??"]
[Round "4.22"]
[White "Duthoit, Bernard"]
[Black "Prasad Singh, Ambika"]
[Result "1/2-1/2"]
[WhiteElo "1468"]
[BlackElo "1627"]
[PlyCount "101"]

1. e4 c5 2. Nf3 d6 3. d4 cxd4 4. Nxd4 Nf6 5. Nc3 a6 6. Bd3 e6 7. O-O Be7 8. Re1
O-O 9. Nb3 Nbd7 10. Bd2 Ne5 11. Rc1 Bd7 12. Bf4 Nxd3 13. cxd3 e5 14. Be3 Bg4
15. f3 Be6 16. Ne2 Nh5 17. Rf1 Rc8 18. Rxc8 Qxc8 19. Qc1 b5 20. Qxc8 Rxc8 21.
Rc1 Rxc1+ 22. Nbxc1 d5 23. exd5 Bxd5 24. b3 f5 25. d4 exd4 26. Bxd4 Kf7 27. Nd3
g5 28. Bc5 Bf6 29. Nb4 Bb7 30. Bd4 Be7 31. Nd3 Nf6 32. Bc5 Bd8 33. h3 h5 34. f4
g4 35. hxg4 hxg4 36. g3 Ne4 37. b4 a5 38. a3 Nd2 39. Nd4 Be4 40. Nf2 Nf3+ 41.
Nxf3 Bxf3 42. Nd3 axb4 43. axb4 Be7 44. Bxe7 Kxe7 45. Kf2 Kd6 46. Ke3 Be4 47.
Nc5 Bc6 48. Kd4 Bg2 49. Nd3 Be4 50. Ne5 Bd5 51. Nd3 1/2-1/2

[Event "Tournoi Skype 021A"]
[Site "Skype"]
[Date "????.??.??"]
[Round "4.23"]
[White "Thacker, Stephen"]
[Black "Balanagendran"]
[Result "1/2-1/2"]
[WhiteElo "1600"]
[BlackElo "1400"]
[PlyCount "72"]

1. e4 c5 2. Nf3 d6 3. c4 Nc6 4. d4 cxd4 5. Nxd4 e5 6. Nxc6 bxc6 7. Nc3 Nf6 8.
Be2 Be7 9. O-O O-O 10. Be3 c5 11. Qd2 a6 12. Rad1 Qc7 13. f4 Bb7 14. Bf3 Rad8
15. g3 h6 16. fxe5 dxe5 17. Qf2 Rxd1 18. Rxd1 Rd8 19. Rxd8+ Qxd8 20. Nd5 Qd6
21. Nxe7+ Qxe7 22. Bxc5 Qc7 23. Qe3 Bxe4 24. Bxe4 Nxe4 25. Qxe4 Qxc5+ 26. Kg2
a5 27. b3 f6 28. h4 Kf7 29. h5 Qa3 30. Qd5+ Kf8 31. Qd8+ Kf7 32. Qd5+ Kf8 33.
Qd8+ Kf7 34. Qd5+ Kf8 35. Qd8+ Kf7 36. Qd5+ Kf8 1/2-1/2

[Event "Tournoi Skype 021A"]
[Site "Skype"]
[Date "????.??.??"]
[Round "4.24"]
[White "Hague, Mark"]
[Black "Rugman, Dan"]
[Result "1-0"]
[WhiteElo "1506"]
[BlackElo "1598"]
[PlyCount "79"]

1. d4 Nf6 2. c4 e6 3. Nc3 Bb4 4. a3 Bxc3+ 5. bxc3 b6 6. Nf3 Ba6 7. e3 Nc6 8.
Bd3 Na5 9. Qe2 d6 10. Nd2 Qd7 11. O-O Rc8 12. a4 O-O 13. Bb2 c5 14. Rfb1 Qc6
15. f3 cxd4 16. cxd4 Bxc4 17. Nxc4 Nxc4 18. Bxc4 Qxc4 19. Qxc4 Rxc4 20. Rc1
Rfc8 21. Rxc4 Rxc4 22. Kf1 Rc2 23. Bc1 Nd5 24. h3 Nc3 25. Ba3 d5 26. Bb4 f5 27.
Bxc3 Rxc3 28. Kf2 Rc4 29. f4 Kf7 30. Ra3 h6 31. h4 Kf6 32. Kg3 g5 33. h5 Rc1
34. fxg5+ Kxg5 35. Kh3 Rh1+ 36. Kg3 Rxh5 37. Rc3 Rh4 38. Rc7 Rg4+ 39. Kh3 f4
40. Rg7+ 1-0

[Event "Tournoi Skype 021A"]
[Site "Skype"]
[Date "????.??.??"]
[Round "4.25"]
[White "Kruk, Clementine"]
[Black "Segura Lozano, Marcos Antonio"]
[Result "0-1"]
[WhiteElo "1599"]
[BlackElo "1889"]
[PlyCount "128"]

1. e4 c6 2. d4 d5 3. Nc3 dxe4 4. Nxe4 Nf6 5. Bd3 Nbd7 6. Nf3 Nxe4 7. Bxe4 Nf6
8. Bd3 Bg4 9. h3 Bh5 10. Bf4 e6 11. a3 Bd6 12. Bg5 Qc7 13. Bxf6 gxf6 14. Qe2
O-O-O 15. O-O-O Bf4+ 16. Kb1 Bxf3 17. Qxf3 Rxd4 18. Rhe1 Be5 19. Re4 Qd6 20. c3
Rxe4 21. Bxe4 Qc7 22. Qe3 Kb8 23. g3 f5 24. Bg2 f4 25. gxf4 Bxf4 26. Qd3 Bg5
27. Qd7 Rg8 28. Be4 h6 29. Qxc7+ Kxc7 30. b4 Bh4 31. f4 f5 32. Bc2 Rg2 33. a4
Bg3 34. Rf1 h5 35. Bb3 Re2 36. Rg1 h4 37. c4 Re1+ 38. Rxe1 Bxe1 39. b5 Bg3 40.
c5 Kd7 41. Kc2 Bxf4 42. Kd3 e5 43. Ke2 e4 44. Bc2 Ke6 45. bxc6 bxc6 46. Bb3+
Kd7 47. Bg8 Bg5 48. Bh7 Ke6 49. a5 Ke5 50. Bxf5 Kxf5 51. Kf2 Ke5 52. Ke2 Kd4
53. Kd1 Kxc5 54. Kc2 Kc4 55. a6 c5 56. Kd1 Kc3 57. Ke2 c4 58. Kd1 Kd3 59. Ke1
c3 60. Kf2 c2 61. Kg2 Ke3 62. Kg1 Kf3 63. Kh2 Bf4+ 64. Kh1 c1=Q# 0-1

[Event "Tournoi Skype 021A"]
[Site "Skype"]
[Date "????.??.??"]
[Round "4.27"]
[White "Salazar Ticeran, Antonio"]
[Black "Perrone, Gabriel Lorenzo"]
[Result "1-0"]
[WhiteElo "1578"]
[BlackElo "1469"]
[PlyCount "93"]

1. e4 e5 2. Nf3 Nc6 3. Bc4 Bc5 4. O-O Nf6 5. d3 O-O 6. Bg5 Na5 7. Bb3 Nxb3 8.
axb3 d6 9. h3 h6 10. Bh4 Re8 11. Nc3 a6 12. Nd5 g5 13. Nxf6+ Qxf6 14. Bg3 c6
15. c3 d5 16. exd5 cxd5 17. Re1 Bd6 18. d4 e4 19. Bxd6 Qxd6 20. Ne5 Bf5 21. Qh5
Qe6 22. f3 Bg6 23. Qxh6 Qf6 24. fxe4 Qg7 25. Qxg5 Bxe4 26. Qxg7+ Kxg7 27. c4
Rad8 28. Ra5 Bc2 29. cxd5 f6 30. Nf3 Bxb3 31. Rxe8 Rxe8 32. Rc5 Rd8 33. Rc7+
Kg6 34. Rxb7 Rxd5 35. Rxb3 Ra5 36. Ra3 Rxa3 37. bxa3 f5 38. Ne5+ Kf6 39. Nd7+
Ke7 40. Nc5 a5 41. Nb3 a4 42. Nc5 Kd6 43. Nxa4 Kd5 44. Nc3+ Kxd4 45. Nb5+ Kc5
46. a4 Kb4 47. Nc3 1-0

[Event "Tournoi Skype 021A"]
[Site "Skype"]
[Date "????.??.??"]
[Round "4.28"]
[White "Carballo, Jorge"]
[Black "Gharbi, Said"]
[Result "1-0"]
[WhiteElo "1630"]
[BlackElo "1564"]
[PlyCount "49"]

1. e4 d5 2. exd5 Qxd5 3. Nc3 Qa5 4. d4 c6 5. Nf3 Nf6 6. Bd2 Nbd7 7. Bd3 e5 8.
Ne4 Qc7 9. Nxf6+ Nxf6 10. dxe5 Ng4 11. h3 Nxe5 12. Qe2 Bd6 13. Nxe5 Bxe5 14.
Bf4 f6 15. Qh5+ Kd8 16. Bxe5 Qxe5+ 17. Qxe5 fxe5 18. O-O-O Kc7 19. Rhe1 Rf8 20.
Rxe5 Rxf2 21. Re7+ Bd7 22. Rxg7 h5 23. g4 hxg4 24. hxg4 Kb6 25. Rxd7 1-0

[Event "Tournoi Skype 021A"]
[Site "Skype"]
[Date "????.??.??"]
[Round "5.1"]
[White "Siret, Bernard"]
[Black "Lopez, Jose Luis"]
[Result "1-0"]
[WhiteElo "2012"]
[BlackElo "1816"]
[PlyCount "31"]

1. e4 e5 2. f4 d5 3. exd5 e4 4. d3 Nf6 5. dxe4 Nxe4 6. Be3 Qh4+ 7. g3 Nxg3 8.
Nf3 Qh5 9. hxg3 Qxh1 10. Qe2 Bg4 11. Nbd2 Nd7 12. Bd4+ Kd8 13. O-O-O Bc5 14.
Bxc5 Nxc5 15. Re1 b6 16. Qe7+ 1-0

[Event "Tournoi Skype 021A"]
[Site "Skype"]
[Date "????.??.??"]
[Round "5.2"]
[White "Montenegro, Juan Carlos"]
[Black "Deville, Olivier"]
[Result "1/2-1/2"]
[WhiteElo "1735"]
[BlackElo "1991"]
[PlyCount "76"]

1. e4 c5 2. Nf3 d6 3. d4 Nf6 4. Nc3 cxd4 5. Nxd4 Nc6 6. Bb5 Bd7 7. O-O e6 8.
Bg5 Be7 9. Bxf6 Bxf6 10. Bxc6 bxc6 11. Rb1 O-O 12. Qd3 Qc7 13. Rfd1 Rfd8 14.
Qc4 e5 15. Ndb5 Qb8 16. Nxd6 Be6 17. Qxc6 Bd7 18. Qd5 Be6 19. Qc6 Bd7 20. Qa6
Bg4 21. f3 Be6 22. b3 Qc7 23. Nc4 Qc5+ 24. Kh1 Qf2 25. Nd5 Qxc2 26. Nxf6+ gxf6
27. Rxd8+ Rxd8 28. Rg1 Bxc4 29. bxc4 Kg7 30. a4 Rd4 31. Qxa7 Rxc4 32. a5 Qa2
33. h3 Ra4 34. Qd7 Rxa5 35. Qg4+ Kf8 36. Qf5 Kg7 37. Qg4+ Kf8 38. Qf5 Kg7
1/2-1/2

[Event "Tournoi Skype 021A"]
[Site "Skype"]
[Date "????.??.??"]
[Round "5.3"]
[White "Murgia, Stefano"]
[Black "Karia, Vijay"]
[Result "1-0"]
[WhiteElo "1666"]
[BlackElo "1818"]
[PlyCount "53"]

1. e4 d5 2. exd5 Qxd5 3. Nc3 Qa5 4. d4 c6 5. Bd2 Bf5 6. g4 Bg6 7. Bc4 e6 8.
Nge2 h6 9. Ng3 Bb4 10. f4 Ne7 11. Qe2 Bxc2 12. Rc1 Bg6 13. a3 Bd6 14. Nb5 Qd8
15. Nxd6+ Qxd6 16. f5 exf5 17. Bb4 Qd7 18. gxf5 Bh7 19. Nh5 Kd8 20. Bxf7 Nxf5
21. Be6 Qc7 22. O-O Re8 23. d5 Nd4 24. Qg4 Nb3 25. Nxg7 Qb6+ 26. Kh1 Nxc1 27.
Qh4+ 1-0

[Event "Tournoi Skype 021A"]
[Site "Skype"]
[Date "????.??.??"]
[Round "5.5"]
[White "Diaz, Jose Garcia"]
[Black "Altinok, Selim"]
[Result "1/2-1/2"]
[WhiteElo "1515"]
[BlackElo "1818"]
[PlyCount "95"]

1. e4 c6 2. Nc3 d5 3. exd5 cxd5 4. d4 Nf6 5. h3 Nc6 6. Nf3 Bf5 7. Bd3 Bxd3 8.
Qxd3 e6 9. O-O Be7 10. Bf4 O-O 11. a3 Qb6 12. Rab1 Rac8 13. Rfc1 a6 14. Ne2
Rfd8 15. b4 Ne4 16. Ng3 Nxg3 17. fxg3 Bf6 18. c3 e5 19. Ng5 e4 20. Qd1 h6 21.
Nxf7 Kxf7 22. Qh5+ Ke7 23. Rf1 Rd7 24. g4 Rf8 25. h4 Kd8 26. g5 hxg5 27. Bxg5
Ne7 28. Qg4 Ng6 29. Bxf6+ Rxf6 30. Rxf6 Qxf6 31. h5 Ne7 32. Rf1 Qh6 33. Rf8+
Kc7 34. Rf7 g5 35. Qg3+ Qd6 36. Qxg5 Nc6 37. Rf6 Qe7 38. Qf4+ Kb6 39. g4 e3 40.
Kf1 e2+ 41. Ke1 Qe8 42. h6 Re7 43. Qd6 Rd7 44. Qc5+ Kc7 45. h7 Rxh7 46. Qxd5
Re7 47. Qd6+ Kb6 48. Qc5+ 1/2-1/2

[Event "Tournoi Skype 021A"]
[Site "Skype"]
[Date "????.??.??"]
[Round "5.6"]
[White "Le Brun, Yves"]
[Black "Trivedi, Viral"]
[Result "0-1"]
[WhiteElo "1445"]
[BlackElo "1664"]
[PlyCount "30"]

1. d4 Nf6 2. Nf3 g6 3. Bf4 Bg7 4. h3 d6 5. e3 c5 6. c3 Nc6 7. Be2 O-O 8. Nbd2
cxd4 9. exd4 Bf5 10. Nf1 Qb6 11. Qc1 Rfc8 12. Ne3 Be4 13. O-O Bxf3 14. gxf3
Nxd4 15. Nc4 Nxe2+ 0-1

[Event "Tournoi Skype 021A"]
[Site "Skype"]
[Date "????.??.??"]
[Round "5.7"]
[White "Ibarra Cantu, Raul Alberto"]
[Black "Farthouat, Titoine"]
[Result "1-0"]
[WhiteElo "1941"]
[BlackElo "1667"]
[PlyCount "125"]

1. d4 d5 2. c4 e6 3. Nf3 c5 4. cxd5 exd5 5. Nc3 Be6 6. dxc5 Bxc5 7. e3 Nf6 8.
Nd4 Bd7 9. Be2 O-O 10. Bf3 Bxd4 11. Qxd4 Nc6 12. Qh4 Re8 13. O-O Be6 14. Rd1
Ne5 15. Be2 Qc7 16. Qf4 Rad8 17. Bd2 Rd7 18. Bb5 Nc6 19. Qxc7 Rxc7 20. Ne2 a6
21. Bxc6 Rxc6 22. Nd4 Rc7 23. Rac1 Rxc1 24. Rxc1 Rc8 25. Rxc8+ Bxc8 26. f3 Kf8
27. Kf2 Ke7 28. Ke2 g6 29. Bb4+ Kd8 30. Ba5+ Ke7 31. Kd3 Nd7 32. Bb4+ Ke8 33.
Nb3 Ne5+ 34. Kd4 Nc4 35. Bc3 Kd8 36. Nd2 Be6 37. Nxc4 dxc4 38. Kc5 Kc8 39. Kd6
h5 40. h3 g5 41. g4 hxg4 42. hxg4 Kd8 43. a4 b5 44. axb5 axb5 45. Bf6+ Kc8 46.
Bxg5 b4 47. Bf6 Kb7 48. g5 Bf5 49. e4 Bg6 50. Kc5 c3 51. bxc3 bxc3 52. Bxc3 Kc7
53. Kd5 Kd7 54. f4 Ke7 55. Bf6+ Kf8 56. Ke5 Bh7 57. f5 Bg8 58. Bh8 Bh7 59. Kf6
Bg8 60. Bg7+ Ke8 61. Bh6 Bh7 62. Kg7 Ke7 63. Kxh7 1-0

[Event "Tournoi Skype 021A"]
[Site "Skype"]
[Date "????.??.??"]
[Round "5.9"]
[White "Hilton, Stephen"]
[Black "Murolo, Antonio"]
[Result "1-0"]
[WhiteElo "1883"]
[BlackElo "1614"]
[PlyCount "47"]

1. d4 Nf6 2. Bf4 e6 3. e3 d5 4. Bd3 c5 5. c3 Qb6 6. Qb3 c4 7. Qxb6 axb6 8. Bc2
Nc6 9. Nf3 Be7 10. Nbd2 O-O 11. O-O Nh5 12. Bc7 b5 13. a3 Bd7 14. h3 Nf6 15. e4
dxe4 16. Nxe4 Nxe4 17. Bxe4 f5 18. Bc2 Rfc8 19. Bf4 Bf6 20. Rfe1 Re8 21. Rad1
h6 22. Ne5 Nxe5 23. dxe5 Be7 24. Rxd7 1-0

[Event "Tournoi Skype 021A"]
[Site "Skype"]
[Date "????.??.??"]
[Round "5.10"]
[White "Gasperoni, Claudio"]
[Black "Jogi, Kalpesh"]
[Result "0-1"]
[WhiteElo "1818"]
[BlackElo "1503"]
[PlyCount "76"]

1. d4 Nf6 2. Nf3 g6 3. c4 Bg7 4. Nc3 d6 5. e4 e6 6. Bg5 Nc6 7. e5 dxe5 8. dxe5
Qxd1+ 9. Rxd1 Ng4 10. Nb5 O-O 11. Nxc7 Rb8 12. b4 Ngxe5 13. b5 Nxf3+ 14. gxf3
Be5 15. bxc6 Bxc7 16. cxb7 Bxb7 17. Be2 f6 18. Bh6 Ba5+ 19. Kf1 Rfd8 20. Kg2
Bc6 21. Rb1 g5 22. h4 Rxb1 23. Rxb1 Kf7 24. hxg5 Kg6 25. Kg3 fxg5 26. Rh1 Rd2
27. Bf1 Bc7+ 28. Kg2 Bb6 29. Bf8 Bd4 30. Rh6+ Kf7 31. Bb4 Rxf2+ 32. Kg3 Rxf3+
33. Kg4 Rxf1 34. Rxh7+ Kg6 35. Rc7 Bf3+ 36. Kh3 g4+ 37. Kg3 Be5+ 38. Kh4 Rh1#
0-1

[Event "Tournoi Skype 021A"]
[Site "Skype"]
[Date "????.??.??"]
[Round "5.11"]
[White "Yardimci, Ertan"]
[Black "Engstrom, Olle"]
[Result "1/2-1/2"]
[WhiteElo "1445"]
[BlackElo "1788"]
[PlyCount "74"]

1. d4 Nf6 2. Nf3 g6 3. c4 Bg7 4. Nc3 d5 5. e3 O-O 6. cxd5 Nxd5 7. e4 Nxc3 8.
bxc3 c5 9. h3 Nc6 10. Bb2 cxd4 11. cxd4 Qa5+ 12. Qd2 Qxd2+ 13. Kxd2 Rd8 14. Ke3
Nb4 15. Ne1 Nc6 16. Nf3 Bd7 17. Bc4 Rac8 18. Bb3 Na5 19. Rhc1 Nxb3 20. axb3 a6
21. Rd1 Rc2 22. Ba3 e6 23. Ne1 Rc3+ 24. Rd3 Rdc8 25. Bc5 Rxd3+ 26. Nxd3 Bb5 27.
Rb1 Bf8 28. Bxf8 Bxd3 29. Kxd3 Kxf8 30. f4 Ke7 31. e5 h5 32. h4 Rc7 33. Kd2 Kd7
34. Ra1 Kc6 35. Rc1+ Kd7 36. Ra1 Kc6 37. Rc1+ Kd7 1/2-1/2

[Event "Tournoi Skype 021A"]
[Site "Skype"]
[Date "????.??.??"]
[Round "5.12"]
[White "Casey, Eamonn"]
[Black "Mordaa, Ahmad"]
[Result "1-0"]
[WhiteElo "1715"]
[BlackElo "1412"]
[PlyCount "43"]

1. d4 Nf6 2. c4 e5 3. dxe5 Ng4 4. Nf3 d6 5. exd6 Bxd6 6. Nc3 a6 7. b3 O-O 8.
Bb2 c6 9. e3 Qe7 10. Be2 Rd8 11. Qc2 Nd7 12. h3 Nxe3 13. fxe3 Bg3+ 14. Kf1 Qxe3
15. Ne4 Nc5 16. Nxg3 Nd3 17. Bxd3 Rxd3 18. Re1 Qxe1+ 19. Kxe1 Re3+ 20. Kf2 Re7
21. Re1 Be6 22. Ng5 1-0

[Event "Tournoi Skype 021A"]
[Site "Skype"]
[Date "????.??.??"]
[Round "5.14"]
[White "Khetre, Gaurav"]
[Black "Saponara, Jose Maria"]
[Result "1-0"]
[WhiteElo "1617"]
[BlackElo "1722"]
[PlyCount "71"]

1. d4 Nf6 2. c4 e5 3. d5 Bc5 4. Nc3 a6 5. e4 d6 6. f3 Nbd7 7. Bg5 h6 8. Bh4 O-O
9. Qd2 Bb4 10. Nge2 b5 11. a3 Bxc3 12. Nxc3 bxc4 13. Bxc4 Nxe4 14. Bxd8 Nxd2
15. Kxd2 Rxd8 16. Rac1 Nb6 17. Bb3 Bb7 18. Rhd1 Rd7 19. g4 Re7 20. Ke3 Rf8 21.
Ke4 Bc8 22. Ne2 f5+ 23. gxf5 Bxf5+ 24. Ke3 Bh7 25. Rc6 Bg6 26. Rdc1 Rff7 27. a4
Kf8 28. a5 Nc8 29. Rxa6 Bh5 30. Ng1 Ke8 31. Ra8 Kd8 32. a6 Rf4 33. Rc4 Ref7 34.
a7 Rxc4 35. Bxc4 Rf8 36. Rxc8+ 1-0

[Event "Tournoi Skype 021A"]
[Site "Skype"]
[Date "????.??.??"]
[Round "5.15"]
[White "Mela, Pier Giorgio"]
[Black "Martinez, Jose Abel"]
[Result "1-0"]
[WhiteElo "1600"]
[BlackElo "1690"]
[PlyCount "43"]

1. d4 e6 2. c4 f5 3. g3 Nf6 4. Bg2 c6 5. Nf3 d5 6. Qc2 Bd6 7. O-O O-O 8. Bf4
Qc7 9. Bxd6 Qxd6 10. Nbd2 b6 11. Ne5 Nbd7 12. cxd5 cxd5 13. Ndc4 dxc4 14. Nxc4
Qc7 15. Bxa8 b5 16. Ne3 Qd6 17. Qc6 Qxd4 18. Qxe6+ Kh8 19. Nxf5 Ne5 20. Qe7 Rf7
21. Qxf7 Nxf7 22. Nxd4 1-0

[Event "Tournoi Skype 021A"]
[Site "Skype"]
[Date "????.??.??"]
[Round "5.16"]
[White "Mitrani, Alberto"]
[Black "Yeter, Orhan"]
[Result "1/2-1/2"]
[WhiteElo "1505"]
[BlackElo "1648"]
[PlyCount "150"]

1. c4 e5 2. Nc3 Nf6 3. g3 Be7 4. Bg2 O-O 5. Nf3 Nc6 6. d3 h6 7. b4 a6 8. b5
axb5 9. cxb5 Nd4 10. Nxe5 Bb4 11. Bd2 Bxc3 12. Bxc3 Nxb5 13. Bb2 Qe7 14. Qb3 c6
15. O-O d6 16. Nxc6 bxc6 17. Bxc6 Be6 18. Bxf6 Qxf6 19. Qxb5 Rfb8 20. Qh5 Rxa2
21. Rxa2 Bxa2 22. Qa5 Rb2 23. Qa8+ Kh7 24. Be4+ g6 25. e3 Rd2 26. Qa5 Qb2 27.
d4 Kg7 28. Qc7 Be6 29. Qxd6 Bc4 30. Rb1 Qa2 31. Qe5+ Kh7 32. Qf6 Bd5 33. Bxg6+
fxg6 34. Qe7+ Bf7 35. Rf1 Qe6 36. Qxe6 Bxe6 37. Rc1 Kg7 38. Rc7+ Kf6 39. Rc6
Kf5 40. Rc5+ Kg4 41. Kg2 Bf5 42. h3+ Kg5 43. e4 Rxd4 44. exf5 gxf5 45. Kf3 h5
46. h4+ Kg6 47. Rc6+ Kg7 48. Re6 Ra4 49. Ke3 Rb4 50. Kd3 Ra4 51. Rc6 Re4 52. f3
Ra4 53. Rc4 Rxc4 54. Kxc4 Kf6 55. Kd4 Ke6 56. f4 Kd6 57. Kc4 Kc6 58. Kd4 Kd6
59. Kc4 Ke6 60. Kd4 Kd6 61. Kc4 Kc6 62. Kd4 Kd6 63. Kc4 Kd7 64. Kd5 Ke7 65. Ke5
Kf7 66. Kxf5 Kg7 67. Kg5 Kh7 68. Kxh5 Kg7 69. g4 Kh7 70. Kg5 Kg7 71. f5 Kf7 72.
h5 Kg7 73. h6+ Kh7 74. f6 Kg8 75. Kg6 Kf8 1/2-1/2

[Event "Tournoi Skype 021A"]
[Site "Skype"]
[Date "????.??.??"]
[Round "5.17"]
[White "Sepulveda, Lyda Marcela"]
[Black "Hague, Mark"]
[Result "1/2-1/2"]
[WhiteElo "1628"]
[BlackElo "1506"]
[PlyCount "76"]

1. e4 c5 2. Nf3 g6 3. d4 cxd4 4. Nxd4 Nc6 5. Be3 Bg7 6. Bc4 e6 7. Nc3 a6 8. Bb3
Nge7 9. Qd2 O-O 10. O-O-O Re8 11. h4 d5 12. exd5 Nxd4 13. Bxd4 e5 14. Be3 Nf5
15. Bg5 f6 16. d6+ Be6 17. Bxe6+ Rxe6 18. Qd5 Qd7 19. Ne4 fxg5 20. Nc5 Ne7 21.
Qxe6+ Qxe6 22. Nxe6 Nc6 23. Nxg7 Kxg7 24. hxg5 Rd8 25. Rhe1 Rd7 26. g3 Rf7 27.
Re2 Kf8 28. d7 Ke7 29. f4 Kd8 30. fxe5 Rxd7 31. Rxd7+ Kxd7 32. Kd2 Ke6 33. Kd3
Kf5 34. g4+ Kxg5 35. Ke4 Kxg4 36. Rg2+ Kh3 37. Rh2+ Kxh2 38. Kd5 Nxe5 1/2-1/2

[Event "Tournoi Skype 021A"]
[Site "Skype"]
[Date "????.??.??"]
[Round "5.18"]
[White "Segura Lozano, Marcos Antonio"]
[Black "Perez Fermin, Jose"]
[Result "1-0"]
[WhiteElo "1889"]
[BlackElo "1595"]
[PlyCount "87"]

1. d4 d5 2. Nf3 Nf6 3. e3 c6 4. c4 Bf5 5. Be2 e6 6. O-O Bd6 7. c5 Bc7 8. Nc3
Nbd7 9. Bd3 Bxd3 10. Qxd3 O-O 11. e4 dxe4 12. Nxe4 Nxe4 13. Qxe4 Nf6 14. Qh4
Nd5 15. Bg5 Qd7 16. Rad1 Bd8 17. Rfe1 Bxg5 18. Nxg5 Nf6 19. Re3 h6 20. Rh3 Qd5
21. Nf3 Rfd8 22. g4 Ne4 23. Ne5 Ng5 24. Re3 f6 25. f4 Ne4 26. Ng6 Kh7 27. Ne7
Qd7 28. Rxe4 Qxe7 29. f5 e5 30. Qh5 Qe8 31. Qxe8 Rxe8 32. dxe5 Rxe5 33. Rxe5
fxe5 34. Rd7 Rb8 35. Re7 Rd8 36. f6 Kg8 37. Rxg7+ Kf8 38. Rxb7 Rd1+ 39. Kg2
Rd2+ 40. Kg3 Rd3+ 41. Kh4 e4 42. Kh5 Rh3+ 43. Kg6 Ke8 44. f7+ 1-0

[Event "Tournoi Skype 021A"]
[Site "Skype"]
[Date "????.??.??"]
[Round "5.19"]
[White "Sauvaget, Joel"]
[Black "Salazar Ticeran, Antonio"]
[Result "1/2-1/2"]
[WhiteElo "1662"]
[BlackElo "1578"]
[PlyCount "81"]

1. d4 Nf6 2. Nf3 g6 3. Bg5 Bg7 4. e3 O-O 5. Be2 c6 6. O-O d5 7. c4 Bf5 8. Nc3
Nbd7 9. Qb3 dxc4 10. Bxc4 b5 11. Be2 Nb6 12. a3 a5 13. Qd1 a4 14. h3 Be6 15.
Bd3 Nfd5 16. Ne4 f5 17. Nc5 Bf7 18. Re1 h6 19. Bh4 g5 20. Bg3 Qc8 21. Be5 g4
22. Bxg7 Kxg7 23. hxg4 fxg4 24. Nh4 Bh5 25. g3 Rf3 26. Be2 Rf6 27. Qd3 Qf8 28.
Rf1 Qf7 29. Qe4 Rf8 30. Qg2 Bg6 31. Bd3 Bxd3 32. Nxd3 Nc4 33. Ne5 Nxe5 34. dxe5
Re6 35. Qe4 h5 36. Ng2 Qf3 37. Qc2 Rxe5 38. Qxc6 Nf6 39. Qc3 Rg5 40. Nf4 Qe4
41. Rad1 1/2-1/2

[Event "Tournoi Skype 021A"]
[Site "Skype"]
[Date "????.??.??"]
[Round "5.20"]
[White "Prasad Singh, Ambika"]
[Black "Alvarez, Juan Evangelista"]
[Result "1/2-1/2"]
[WhiteElo "1627"]
[BlackElo "1588"]
[PlyCount "137"]

1. e4 Nf6 2. Nc3 Nc6 3. Nf3 e5 4. Bc4 Bb4 5. d3 d6 6. h3 h5 7. Bg5 Nd4 8. O-O
Ne6 9. Bh4 Rh6 10. Nd5 a5 11. Nxb4 axb4 12. Qd2 Nf4 13. Ng5 Ne6 14. Nxe6 Bxe6
15. Bxe6 fxe6 16. Qxb4 b6 17. a3 Kf7 18. d4 Qd7 19. dxe5 dxe5 20. Rad1 Qc6 21.
Rfe1 Ra5 22. Qd2 Nxe4 23. Qd7+ Qxd7 24. Rxd7+ Ke8 25. Rxc7 g5 26. Rxe4 gxh4 27.
Rxh4 Rd5 28. Re4 Rf6 29. Re2 h4 30. b3 b5 31. c4 bxc4 32. bxc4 Rd3 33. Rb2 Rd7
34. Rbb7 Rxc7 35. Rxc7 Kd8 36. Ra7 Rf4 37. c5 Rc4 38. Rh7 Rxc5 39. Rxh4 Ke7 40.
Re4 Kf6 41. h4 Kf5 42. f3 Rc2 43. Kh2 Ra2 44. Ra4 e4 45. Rxe4 Rxa3 46. g4+ Kf6
47. Kg3 e5 48. Re2 Rd3 49. Kf2 Rd4 50. Re3 Rd5 51. Kg3 Kg6 52. f4 exf4+ 53.
Kxf4 Ra5 54. Re6+ Kf7 55. Re4 Kf6 56. h5 Ra1 57. g5+ Kf7 58. Kf5 Rf1+ 59. Rf4
Rh1 60. h6 Ra1 61. g6+ Kg8 62. h7+ Kg7 63. Kg5 Rh1 64. Rf7+ Kh8 65. Kf6 Rf1+
66. Ke7 Re1+ 67. Kf8 Rg1 68. g7+ Rxg7 69. Rxg7 1/2-1/2

[Event "Tournoi Skype 021A"]
[Site "Skype"]
[Date "????.??.??"]
[Round "5.21"]
[White "Balanagendran"]
[Black "L'Herbon De Lussats, Jean"]
[Result "0-1"]
[WhiteElo "1400"]
[BlackElo "1618"]
[PlyCount "74"]

1. d4 Nf6 2. c4 g6 3. Nf3 Bg7 4. e3 O-O 5. Be2 d6 6. O-O c5 7. d5 e6 8. Nc3
Nbd7 9. e4 Ne5 10. Nxe5 dxe5 11. dxe6 Bxe6 12. Qc2 Qc7 13. Nb5 Qc6 14. Bf3 a6
15. Nc3 Bxc4 16. b3 Bxf1 17. Kxf1 Rad8 18. Be3 b5 19. Rd1 c4 20. Rxd8 Rxd8 21.
b4 Rd3 22. Be2 Rd6 23. Bc5 Rd7 24. f3 Nh5 25. Nd5 Bf6 26. g4 Nf4 27. Nxf6+ Qxf6
28. a4 Qd8 29. a5 Rd2 30. Bb6 Qd7 31. Qc3 f6 32. Be3 Rd1+ 33. Bxd1 Qxd1+ 34.
Qe1 Qd3+ 35. Kf2 c3 36. Bc1 Qc2+ 37. Ke3 Ng2# 0-1

[Event "Tournoi Skype 021A"]
[Site "Skype"]
[Date "????.??.??"]
[Round "5.22"]
[White "Luna Perez Vico, Lorenzo"]
[Black "Thacker, Stephen"]
[Result "1/2-1/2"]
[WhiteElo "1554"]
[BlackElo "1600"]
[PlyCount "53"]

1. e4 e6 2. d4 d5 3. exd5 Qxd5 4. Nc3 Bb4 5. Nge2 Nc6 6. Be3 Nge7 7. a3 Bxc3+
8. Nxc3 Qd7 9. Bb5 a6 10. Bxc6 Qxc6 11. f3 b5 12. Qd2 Bb7 13. Rc1 f5 14. Na2
Qd7 15. Nb4 Bd5 16. Nd3 Ng6 17. Nf4 Nh4 18. Qf2 g5 19. Nxd5 Qxd5 20. b3 h6 21.
c4 Qd7 22. f4 Rg8 23. g3 gxf4 24. Bxf4 Ng6 25. Bxh6 Qc6 26. Rg1 Qe4+ 27. Be3
1/2-1/2

[Event "Tournoi Skype 021A"]
[Site "Skype"]
[Date "????.??.??"]
[Round "5.24"]
[White "Khunte, Aniruddha"]
[Black "Legueltel, Daniel"]
[Result "1-0"]
[WhiteElo "1494"]
[BlackElo "1726"]
[PlyCount "61"]

1. e4 e5 2. Nf3 Nf6 3. Nc3 Nc6 4. Bb5 d6 5. d4 exd4 6. Nxd4 Bd7 7. O-O Be7 8.
Bxc6 Bxc6 9. Nf5 g6 10. Nh6 Qd7 11. Be3 b6 12. h3 Rf8 13. a4 a5 14. Qd4 O-O-O
15. b4 axb4 16. Qxb4 d5 17. Qb3 Nxe4 18. Nxe4 dxe4 19. Nxf7 Bd5 20. Ne5 Qe6 21.
Qc3 Bf6 22. Bd4 c5 23. Rfb1 Bxe5 24. Bxe5 Rf5 25. Bg3 Re8 26. a5 e3 27. Rxb6
exf2+ 28. Bxf2 Qe4 29. Qxc5+ Kd7 30. Qd6+ Kc8 31. Rb8# 1-0

[Event "Tournoi Skype 021A"]
[Site "Skype"]
[Date "????.??.??"]
[Round "5.25"]
[White "Fouquereau, Andre"]
[Black "Carballo, Jorge"]
[Result "0-1"]
[WhiteElo "1492"]
[BlackElo "1630"]
[PlyCount "36"]

1. e4 e5 2. Nf3 Nc6 3. c3 Nf6 4. Qc2 Be7 5. Bc4 d5 6. exd5 Nxd5 7. d4 exd4 8.
cxd4 Ndb4 9. Qe4 Nxd4 10. Nxd4 Qxd4 11. Bxf7+ Kf8 12. Qf3 Nc2+ 13. Kf1 Nxa1 14.
Bg6+ Bf6 15. Be3 Qc4+ 16. Qe2 Qxe2+ 17. Kxe2 hxg6 18. Na3 Bxb2 0-1

[Event "Tournoi Skype 021A"]
[Site "Skype"]
[Date "????.??.??"]
[Round "5.26"]
[White "Rugman, Dan"]
[Black "Bendre, Pankaj"]
[Result "1-0"]
[WhiteElo "1598"]
[BlackElo "1558"]
[PlyCount "37"]

1. e4 e5 2. Nf3 Nc6 3. Bc4 Nf6 4. d3 Bc5 5. c3 O-O 6. b4 Bb6 7. a4 a5 8. b5 Na7
9. O-O d6 10. Qb3 h6 11. Be3 c5 12. Nbd2 Qe7 13. h3 Be6 14. Bxe6 fxe6 15. Nc4
Nc8 16. Rfe1 Nh5 17. d4 cxd4 18. Nxb6 dxe3 19. Nxa8 1-0

[Event "Tournoi Skype 021A"]
[Site "Skype"]
[Date "????.??.??"]
[Round "5.27"]
[White "Perrone, Gabriel Lorenzo"]
[Black "Aranzubia, Desiderio"]
[Result "1-0"]
[WhiteElo "1469"]
[BlackElo "1542"]
[PlyCount "43"]

1. d4 d5 2. c4 Nf6 3. Nc3 c6 4. Nf3 dxc4 5. e4 b5 6. a4 Bd7 7. d5 cxd5 8. exd5
b4 9. Na2 a5 10. Bxc4 Na6 11. O-O Nc7 12. Ne5 e6 13. Nxd7 Qxd7 14. dxe6 Qxd1
15. exf7+ Ke7 16. Rxd1 Rd8 17. Re1+ Kd7 18. Bf4 Bc5 19. Rad1+ Kc6 20. Nc1 Rxd1
21. Rxd1 Rd8 22. Rxd8 1-0

[Event "Tournoi Skype 021A"]
[Site "Skype"]
[Date "????.??.??"]
[Round "5.28"]
[White "Gharbi, Said"]
[Black "Kruk, Clementine"]
[Result "1-0"]
[WhiteElo "1564"]
[BlackElo "1599"]
[PlyCount "91"]

1. e4 e5 2. Bc4 Nf6 3. Nf3 Nc6 4. Ng5 d5 5. exd5 Na5 6. Qe2 Nxc4 7. Qxc4 Nxd5
8. d4 exd4 9. Qxd4 h6 10. c4 Bb4+ 11. Nc3 Nxc3 12. Qxd8+ Kxd8 13. Nxf7+ Ke8 14.
Nxh8 Ne4+ 15. Kf1 Bg4 16. f3 Rd8 17. Bf4 Nd2+ 18. Bxd2 Bxd2 19. fxg4 Ke7 20.
Ng6+ Kf6 21. Nh4 Kg5 22. Nf3+ Kxg4 23. Rd1 Bg5 24. Rxd8 Bxd8 25. Ke2 g5 26. Rd1
Be7 27. Rd7 Bd6 28. c5 Bf4 29. Rd4 b6 30. c6 h5 31. g3 Kf5 32. gxf4 gxf4 33.
Rd7 Ke6 34. Rxc7 Kd6 35. Rc8 a6 36. Nd4 b5 37. Nf5+ Ke6 38. Ng7+ Kd6 39. Nxh5
a5 40. h4 Kc5 41. Nxf4 b4 42. Nd3+ Kc4 43. Ra8 Kb5 44. c7 a4 45. c8=Q b3 46.
Qc5# 1-0